书目信息 |
| 题名: |
英汉汉英生物化学词汇
|
|
| 作者: | 沈绍文 主编 | |
| 分册: | ||
| 出版信息: | 北京 科学出版社 1996.07 |
|
| 页数: | 454页 | |
| 开本: | 32开 | |
| 丛书名: | ||
| 单 册: | ||
| 中图分类: | Q5-61 | |
| 科图分类: | ||
| 主题词: | 生物化学 | |
| 电子资源: | ||
| ISBN: | 7-03-004221-2 | |
| 000 | 00574nam0 2200193 45 | |
| 001 | 0009041512 | |
| 005 | 20000904152425.4 | |
| 010 | @a7-03-004221-2@d25.00元 | |
| 100 | @a20000904d1996 km y0chiy0120 ea | |
| 101 | 0 | @achi |
| 105 | @a z 000yy | |
| 200 | 1 | @a英汉汉英生物化学词汇@AYing Han Han Ying Sheng Wu Hua Xue Ci Hui@f沈绍文等主编@FShen Shao Wen Deng Zhu Bian |
| 210 | @a北京@c科学出版社@d1996.07 | |
| 215 | @a454页@d32开 | |
| 606 | 0 | @a生物化学 |
| 690 | @aQ5-61@v3 | |
| 701 | 0 | @a沈绍文@4主编 |
| 801 | @aCN@bPftUser@c20000904 | |
| 905 | @b118915-916@dQ5-61@eSH879@f2 | |
| 英汉汉英生物化学词汇/沈绍文等主编.-北京:科学出版社,1996.07 |
| 454页;32开 |
| ISBN 7-03-004221-2:25.00元 |
| ● |
| 相关链接 |
|
|
|
正题名:英汉汉英生物化学词汇
索取号:Q5-61/SH879
 
预约/预借
| 序号 | 登录号 | 条形码 | 馆藏地/架位号 | 状态 | 备注 |
| 1 | 118915 | 201189150 | 自科库401/401自科库 28排2列3层/ [索取号:Q5-61/SH879] | 在馆 | |
| 2 | 118916 | 201189169 | 自科库401/401自科库 28排2列3层/ [索取号:Q5-61/SH879] | 在馆 |